La acumulación del capital y la fetichización de la familia /
Αποθηκεύτηκε σε:
| Κύριος συγγραφέας: | |
|---|---|
| Άλλοι συγγραφείς: | |
| Μορφή: | Κείμενο |
| Γλώσσα: | Spanish |
| Έκδοση: |
San José: Costa Rica
EDUCA
1979
|
| Θέματα: | |
| Ετικέτες: |
Προσθήκη ετικέτας
Δεν υπάρχουν, Καταχωρήστε ετικέτα πρώτοι!
|
MARC
| LEADER | 00000 a a2200000 04500 | ||
|---|---|---|---|
| 001 | 33169 | ||
| 003 | cru CRAIS/IIS | ||
| 005 | 20210903110710.0 | ||
| 008 | 210903b1979 |||||||| |||| 00| 0 spa d | ||
| 040 | |a CRAI/IIS |c CRAI/IIS | ||
| 090 | |a 03.01.01 D563e | ||
| 100 | 1 | |a Campanario, Paulo |9 44 | |
| 245 | |a La acumulación del capital y la fetichización de la familia / | ||
| 260 | |a San José: Costa Rica |b EDUCA |c 1979 | ||
| 300 | |a páginas 185-223 | ||
| 440 | |n 06 | ||
| 650 | |a CAPITAL | ||
| 650 | |a FAMILIA | ||
| 700 | |a ed. |a Fernandez, Mario E. |a ed. | ||
| 942 | |2 ddc |c LI |h 03.01.01 |i 19529 |6 030101_19529 | ||
| 999 | |c 17485 |d 17485 | ||
| 773 | 0 | |0 150 |9 2514 |a Dierckxsens, Wim |d San José: EDUCA 1979 |o 19529 |t Economía y población:/ |w (cru CIDCACS/IIS)33171 | |
